Countries by Initials of Bordering Countries - Statistics

General Stats
  • This quiz has been taken 727 times
  • The average score is 7 of 20
Answer Stats
INITIALS COUNTRY % Correct
G Denmark
59%
B L M N S Z South Africa
49%
M T Z Malawi
48%
G G G M M Senegal
47%
A K K T T Uzbekistan
46%
F R S Norway
41%
R U Moldova
40%
N South Korea
38%
I I S S Jordan
37%
B E L R Latvia
35%
A L Tunisia
32%
M Brunei
31%
A A A I P T T Iran
31%
G K M M Albania
29%
G M Belize
26%
B B C C E Peru
23%
G S Guinea-Bissau
20%
C C Panama
19%
C R S North Korea
16%
B B G Togo
15%
No matching quizzes found
Score Distribution
Percent of People with Each Score
Percentile by Number Answered
Your Score History
You have not taken this quiz